Culture Générale - Série 2156 - Statistiques

Statistiques générales
  • Ce quiz a été pris 96 fois
  • Le résultat moyen est 4 sur 10
Statistiques - réponses
Question Réponse % Correct
Dans la mythologie grecque, comment s'appelle le cheval ailé ? voir photo Pégase
89%
Qui a fondé le journal L’Humanité en 1904 ? prénom et nom Jean Jaurès
66%
Dans la mythologie grecque comment s’appelait le breuvage des dieux qui rendait immortel ? nectar
64%
Quel journal Françoise Giroud a-t-elle fondé avec Jean-Jacques Servan-Schreiber en 1953 ? l'Express
52%
Dans la mythologie romaine, quel dieu des clés, des portes, du passé, du futur, possédait deux visages, l'un tourné vers le passé et l'autre tourné vers le futur ? Janus
42%
Dans quel pays la NHK gère-t-elle les stations de radio et de télévision du service public ? Japon
37%
En quelle année a été fondé le quotidien français Le Monde ? 1944
31%
Dans la mythologie grecque quel fleuve actuel de Turquie avait la réputation de charrier des pépites d'or ? pactole
24%
Quel roi de la mythologie grecque a donné son nom dans le langage littéraire et désigne "un hôte généreux" ? Amphitryon
13%
Quel mot d'origine suédoise désigne une personne indépendante et objective qui enquête sur les plaintes des gens contre les organismes gouvernementaux et autres organisations, tant du secteur public que privé. Après un examen approfondi et impartial, il détermine si la plainte est fondée et formule des recommandations à l'intention de l'organisation afin de régler le problème ombudsman
5%
Aucun quiz correspondant
Distribution des résultats
% des personnes avec chaque résultat
Percentile par nombre de réponses
Votre historique - résultats
Vous n’avez pas pris ce quiz